NARADPURAN PART - 11 (Record no. 1192945)

MARC details
000 -LEADER
fixed length control field 00328nam a2200145Ia 4500
008 - FIXED-LENGTH DATA ELEMENTS--GENERAL INFORMATION
fixed length control field 240830s1901 xx 000 0 und d
041 ## - LANGUAGE CODE
Language code of text/sound track or separate title eng
082 ## - DEWEY DECIMAL CLASSIFICATION NUMBER
Classification number 0 S.K
100 ## - MAIN ENTRY--PERSONAL NAME
Personal name S.K. DEVDHAR
245 ## - TITLE STATEMENT
Title NARADPURAN PART - 11
260 ## - PUBLICATION, DISTRIBUTION, ETC.
Name of publisher, distributor, etc. N.D.
Date of publication, distribution, etc. 1901
650 ## - SUBJECT ADDED ENTRY--TOPICAL TERM
Topical term or geographic name entry element SANSKRIT SAMHITA
906 ## - LOCAL DATA ELEMENT F, LDF (RLIN)
a N.D.

No items available.